| 000 | 01586cam a22004334i 4500 | ||
|---|---|---|---|
| 003 | PE-LiUPU | ||
| 005 | 20250731184513.0 | ||
| 008 | 150617s1967 sp r 000 0 spa d | ||
| 035 | _a(Sirsi) a16563 | ||
| 040 |
_aPE-LiUPU _bspa _cPE-LiUPU _erda |
||
| 049 | _aPRUA | ||
| 082 | 0 | 4 |
_a930 _bS459h _221 |
| 100 | 1 |
_aSeignobos, Charles, _eautor. |
|
| 245 | 1 | 0 |
_aHistoria universal : _bHistoria antigua, Oriente y Grecia _nTomo 1 / _cCh. Seignobos |
| 264 | 1 |
_aBuenos Aires : _bJuan C. Granda, _c1967. |
|
| 300 |
_a446 páginas ; _c24 centímetros. |
||
| 336 |
_atext _2rdacontent |
||
| 337 |
_aunmediated _2rdamedia |
||
| 338 |
_avolume _2rdacarrier |
||
| 505 | 0 | _aTiempos prehistóricos -- Religión de los egipcios -- Monumentos egipcios -- Los judíos -- Los persas -- Los antiguos tiempos de Grecia -- Los tiranos -- Los mitos -- Esparta -- Los primeros tiempos de Atenas -- La colonización Griega -- Formación del imperio de Atenas -- Supremacía de Tebas -- Conquista de Asia -- Ultimas luchas en Grecia. | |
| 526 | _aP136 | ||
| 526 | _aP135 | ||
| 526 | _aP134 | ||
| 526 | _aP133 | ||
| 526 | _aP144 | ||
| 526 | _aP143 | ||
| 526 | _aP87 | ||
| 526 | _aP35 | ||
| 526 | _aP20 | ||
| 526 | _aP14 | ||
| 526 | _aP10 | ||
| 526 | _aP06 | ||
| 650 | 0 | 4 |
_aHISTORIA UNIVERSAL _yEPOCA ANTIGUA. |
| 910 | _ajck | ||
| 942 |
_2ddc _cBK |
||
| 949 |
_a930 Se4 1 _wDEWEY _c1 _i09409 _lCCODEBUL1 _mBUL _r0 _sY _tBOOK _u2015-04-21 _xEDUCACION _zUNKNOWN _0COMPRA _o.STAFF. Colección Teología |
||
| 999 |
_c14403 _d14403 |
||
| 980 |
_81 _gALBERTO SANCHEZ Responsable de Automatización |
||